Broto (Record no. 9110)
[ view plain ]
| 000 - LÍDER | |
|---|---|
| campo de control de longitud fija | 00851nam a2200217Ia 4500 |
| 008 - ELEMENTOS DE DATOS DE LONGITUD FIJA - INFORMACIÓN GENERAL | |
| campo de control de longitud fija | 0000002007 sp a 0000000000spa00 |
| 090 ## - NÚMERO DE LLAMADA DE TIPO LC LOCALMENTE ASIGNADO (OCLC) | |
| Número de clasificación (OCLC) (R) | PSP00 B76 |
| 100 1# - ENTRADA PRINCIPAL - NOMBRE PERSONAL | |
| Nombre de la persona | Broto |
| Fechas asociadas a un nombre | 1949 |
| 245 10 - TÍTULO DECLARACIÓN | |
| Título | Broto |
| Resto del título | : obra reciente |
| Declaración de responsabilidad | / traducción Lorraine Kerslake ; fotografías Marc Domage, Pepe Moreno y Oronoz |
| 260 ## - PUBLICACIÓN, DISTRIBUCIÓN | |
| Lugar de publicación | Madrid : Galería Soledad Lorenzo |
| Fecha de publicación | 2007 |
| 300 ## - DESCRIPCIÓN FÍSICA | |
| Alcance | 39 p. |
| Dimensiones | / 28 cm. |
| 500 ## - NOTA GENERAL | |
| Nota general | Exposición realizada en Galería Soledad Lorenzo, Madrid, Septiembre 12 Octubre 13, 2007 |
| 501 ## - Con nota | |
| Con nota | El tiempo y el lugar / Gloria Collado |
| 600 00 - ENTRADA DE SUJETO AÑADIDO - NOMBRE PERSONAL | |
| Nombre de la persona | BROTO, 1949/ |
| Subdivisión general | TRABAJOS PICTORICOS |
| 650 14 - ENTRADA DE SUJETO AÑADIDO - TÉRMINO TÓPICO | |
| Término tópico o elemento de entrada del nombre geográfico | ARTE CONTEMPORANEO ESPAÑOL |
| 650 14 - ENTRADA DE SUJETO AÑADIDO - TÉRMINO TÓPICO | |
| Subdivisión general | CATALOGOS |
| 650 14 - ENTRADA DE SUJETO AÑADIDO - TÉRMINO TÓPICO | |
| Subdivisión general | EXPOSICIONES |
| 650 14 - ENTRADA DE SUJETO AÑADIDO - TÉRMINO TÓPICO | |
| Término tópico o elemento de entrada del nombre geográfico | PINTORES ESPAÑOLES |
| 650 14 - ENTRADA DE SUJETO AÑADIDO - TÉRMINO TÓPICO | |
| Término tópico o elemento de entrada del nombre geográfico | PINTURA ESPAÑOLA |
| 700 1# - ENTRADA AGREGADA - NOMBRE PERSONAL | |
| Nombre de la persona | Kerslake, Lorraine, tr. \ Domage, Marc \ Moreno y Oronoz, Pepe |
| Estado de retirada | Pérdida de estatus | Estado dañado | No para préstamo | Código de recogida | Ubicación permanente | Ubicación actual | Ubicación de las estanterías | Fecha de adquisición | Número de llamada completo | Código de barras | Fecha de la última vez que se vio | Número de copia | Precio efectivo desde | Tipo de artículo Koha |
|---|---|---|---|---|---|---|---|---|---|---|---|---|---|---|
| General | ArtNexus | ArtNexus | General | 06/09/2022 | P-SP-00 B76 | 9115 | 06/09/2022 | Ej.1 | 06/09/2022 | Libro |